000 00251nam a22000857a 4500
999 _c11804
_d11804
008 200219b ||||| |||| 00| 0 eng d
100 _aSethia Chandra Abhi
_97485
245 _aA Complete Guide to Spoken English
260 _aNew Delhi
_bASL Publications
_c2015